| 000 | 00000nam##2200000za#4500 |
| 001 | 9.635742 |
| 003 | CaOODSP |
| 005 | 20210624220411 |
| 007 | cr ||||||||||| |
| 008 | 150407|2008||||xxc|||||o f|0| 0 fre|d |
| 020 | |a978-0-662-04840-4 |
| 040 | |aCaOODSP|bfre |
| 043 | |an-cn--- |
| 086 | 1 |aH164-95/2008F-PDF |
| 110 | 1 |aCanada. |bDirection générale des produits de santé et des aliments. |
| 245 | 10|aCe que nous avons entendu - principales conclusions de l'Évaluation tous azimuts des relations avec les intervenants / |h[ressource électronique]|c[par] Direction des produits de santé commercialisés. |
| 260 | |aOttawa - Ontario : |bSanté Canada. |c2008. |
| 300 | |a9p. |
| 590 | |a12-28-Supp|b2012-06-15 |
| 691 | 07|aProduit pour les soins de santé|2gcpds |
| 775 | 08|tWhat we heard - key findings from the 360° Assessment of Stakeholder Relations / |w(CaOODSP)9.691411 |
| 856 | 40|ahttp://publications.gc.ca|qPDF|s125 Ko|uhttps://publications.gc.ca/collections/collection_2012/sc-hc/H164-95-2008-fra.pdf |